000 01088nam a2200325 a 4500
001 ELB68066
003 FlNmELB
006 m o d |
007 cr cn|||||||||
008 201212r2009 cl |||||s|||||||||||spa d
020 _z9789562846646
035 _a(MiAaPQ)EBC3204768
035 _a(Au-PeEL)EBL3204768
035 _a(CaPaEBR)ebr10625953
035 _a(OCoLC)1010570600
040 _aFlNmELB
_bspa
_cFlNmELB
050 4 _aPQ8076
_bU26 2009
080 _a860(83)
082 0 4 _a863
_222
100 1 _aUgarte, Fernando.
245 1 0 _aRequiem, tango y contrapunto de un espectro
_h[recurso electronico] /
_cFernando Ugarte.
260 _aSantiago de Chile :
_bRIL editores,
_c2009.
300 _a407 p.
533 _aRecurso electrónico. Santa Fe, Arg.: e-libro, 2015. Disponible vía World Wide Web. El acceso puede estar limitado para las bibliotecas afiliadas a e-libro.
650 4 _aNovelas chilenas.
650 0 _aChilean fiction.
655 4 _aLibros electrónicos.
710 2 _ae-libro, Corp.
856 4 0 _uhttps://elibro.net/ereader/usam/68066
999 _c155229
_d155229